000 00800cad a22002055a 4500
001 L156305
008 120511e20120213xxk f 000 0 eng d
035 _a(Sirsi) u156305
041 0 _aeng
110 2 _aMarkit
_95915
245 0 0 _aDecline in activity slows in March as new orders show signs of stabilisation
_h[electronic resource]
260 _c2012
490 _aUlster Bank Construction PMI Report News Release
_v11 April 2012
520 _aThe Irish construction sector remained in contraction at the end of the first quarter of 2012.
590 _aKA
651 4 _aIreland
690 _aConstruction management
_96230
856 4 0 _uhttps://www.markiteconomics.com/MarkitFiles/Pages/ViewPressRelease.aspx?ID=9429
_zView this item free of charge at www.markiteconomics.com
942 _n0
999 _c114171
_d114171